Statistics for B Answers Quiz #1

Click here to take the quiz!

General Stats

  • This quiz has been taken 46,782 times
  • The average score is 17 of 24

Answer Stats

Clue Answer % Correct
What giant pandas eat, mostlyBamboo
92%
Johann SebastianBach
90%
Nickname for Mumbai's film industryBollywood
88%
Where Jesus was bornBethlehem
87%
Deer who is friends with ThumperBambi
84%
Capital of IraqBaghdad
84%
Most common tiger subspeciesBengal
83%
Bend it like himBeckham
82%
Former Destiny's Child memberBeyoncé
80%
PekingBeijing
78%
Ancient city with hanging gardensBabylon
78%
Certain chess pieceBishop
75%
Another name for MyanmarBurma
74%
German word that means "lightning war"Blitzkrieg
70%
French prison stormed in 1789Bastille
69%
Singing register between tenor and bassBaritone
65%
Famous fictional KazakhstaniBorat
58%
Siddhārtha GautamaBuddha
58%
1992 Olympic host cityBarcelona
53%
University of California flagship campusBerkeley
53%
Former home of baseball's DodgersBrooklyn
44%
Slayer of GrendelBeowulf
42%
Canada's largest islandBaffin
35%
Sub-group epitomized by Jack KerouacBeatnik
31%

Score Distribution

Percentile by Number Answered

Percent of People with Each Score

Your Score History

You have not taken this quiz